Țările după emoji - Statistics

General Stats
  • This quiz has been taken 37 times
  • The average score is 13 of 18
Answer Stats
Emoji Țară % Correct
Franța
100%
Italia
100%
Japonia
97%
Australia
88%
Regatul Unit
88%
Germania
82%
Mexic
82%
China
79%
Irlanda
73%
Canada
70%
Statele Unite
70%
India
67%
Grecia
64%
Brazilia
61%
Olanda
61%
Elveția
36%
Noua Zeelandă
36%
Chile
27%
No matching quizzes found
Score Distribution
Percent of People with Each Score
Percentile by Number Answered
Your Score History
You have not taken this quiz